000 00600nam a2200205 i 4500
001 44637
003 ES-MaACL
005 20250930063051.0
007 t|
008 030321s1957 sp ||||1| cat d
100 1 _aClarasó, Noel,
_d1899-1985
_939003
245 1 3 _aUn benestar semblant
_b: novella /
_cNoel Clarasó.
250 _a[1ª ed.].
260 _aBarcelona :
_bAymá,
_c[1957] (
_fSalvá)
300 _a302 p. ;
_c19 cm.
490 1 _aclub dels novel-listes
830 0 _aclub dels novel-listes
_9181515
852 _aES-MaACL
_jC-13872
_bR.41646
999 _c44637
_d44637